| 000 | 00493cam a22001817a 4500 | ||
|---|---|---|---|
| 003 | OSt | ||
| 005 | 20150202175545.0 | ||
| 008 | 901009s1977 es 000 0 spa | ||
| 040 | _cBMC | ||
| 082 | _a863.99224 | ||
| 100 | 0 |
_aSalarrué _929497 |
|
| 245 | 1 | 3 |
_aEl señor de la burbuja _cSalarrúe |
| 250 | _a3ª ed | ||
| 260 |
_aSan Salvador _bMinisterio de Educación. Dirección de Publicaciones _c1977 |
||
| 300 |
_a159 p. _c20 cm |
||
| 650 | 2 | 4 |
_929546 _aNovela salvadoreña |
| 942 |
_2ddc _cBK |
||
| 999 |
_c16956 _d16956 |
||